Fireoptic Industry Association (Record no. 120132)

MARC details
000 -LEADER
fixed length control field 00829cam a2200205 4500
001 - CONTROL NUMBER
control field WS119181
008 - FIXED-LENGTH DATA ELEMENTS--GENERAL INFORMATION
fixed length control field 020805n 000 0 eng u
035 ## - SYSTEM CONTROL NUMBER
System control number (Sirsi) u119181
110 ## - MAIN ENTRY--CORPORATE NAME
Corporate name or jurisdiction name as entry element Fireoptic Industry Association
9 (RLIN) 4307
245 ## - TITLE STATEMENT
Title Fireoptic Industry Association
520 ## - SUMMARY, ETC.
Summary, etc. Web site for this organisation which aims 'to promote high standards of service within the fibreoptic industry'. Includes links to their newsletters, details of the approved installer, arbitration and audit schemes and details of standards.
650 ## - SUBJECT ADDED ENTRY--TOPICAL TERM
Topical term or geographic name entry element ORGANISATION
650 ## - SUBJECT ADDED ENTRY--TOPICAL TERM
Topical term or geographic name entry element FIBRE OPTICS
650 ## - SUBJECT ADDED ENTRY--TOPICAL TERM
Topical term or geographic name entry element CABLING
650 ## - SUBJECT ADDED ENTRY--TOPICAL TERM
Topical term or geographic name entry element STANDARDS
650 ## - SUBJECT ADDED ENTRY--TOPICAL TERM
Topical term or geographic name entry element TELECOMMUNICATIONS
690 ## - LOCAL SUBJECT ADDED ENTRY--TOPICAL TERM (OCLC, RLIN)
Topical term or geographic name as entry element TRANSPORT AND COMMUNICATIONS
856 40 - ELECTRONIC LOCATION AND ACCESS
Uniform Resource Identifier <a href="https://www.fibreoptic.org.uk">https://www.fibreoptic.org.uk</a>
Public note View the website free of charge at www.fibreoptic.org.uk...
942 ## - ADDED ENTRY ELEMENTS (KOHA)
Suppress in OPAC 0
Holdings
Withdrawn status Lost status Source of classification or shelving scheme Damaged status Not for loan Home library Current library Shelving location Date acquired Total Checkouts Full call number Barcode Date last seen Copy number Price effective from Koha item type
    Dewey Decimal Classification     Virtual Virtual Online 05/08/2002   WEB SITE 119181-2001 06/08/2019 1 06/08/2019 Online material